000
00234nam a2200097Ia 4500
001
717885
005
20250826163012.0
008
250824s9999 xx 000 0 und d
245
0
_a
BAŞKA
_c
KAHRAMAN TAZEOĞLU
260
_b
DESTEK YAYINLARI
999
_c
717885
_d
717885